Caracterización sociocultural y análisis de actores relacionados con los sistemas productivos y de transformación para biocombustibles (Registro nro. 8314)

Detalles MARC
000 -CABECERA
Campo de control 00605nam a22001697a 4500
005 - FECHA Y HORA DE LA ULTIMA TRANSACCION
Campo de control 20140325163934.0
008 - ELEMENTOS DE LONGITUD FIJA—INFORMACION GENERAL
Campo de control 140325b2007 ck ||||| |||| 00| 0 spa d
041 ## - IDIOMA
Código de idioma para texto/pista de sonido o título separado Español
044 ## - PAÍS DE PUBLICACIÓN
País de publicación Colombia
090 ## - CLASIFICACIÓN LOCAL
Colección LB
Consecutivo 05890
100 ## - ASIENTO PRINCIPAL--NOMBRE PERSONAL
Nombre personal Mejia Alfonso, Sandra Liliana
245 ## - MENCION DE TITULO
Título Caracterización sociocultural y análisis de actores relacionados con los sistemas productivos y de transformación para biocombustibles
260 ## - PUBLICACION, DISTRIBUCION, ETC. (PIE DE IMPRENTA)
Lugar de publicación, distribución, etc. Bogotá
Nombre del editor, distribuidor, etc. Ins tituto Alexander von Humboldt
Fecha de publicación, distribución, etc. 2007
300 ## - DESCRIPCION FISICA
Extensión 42 p.,
Otros detalles físicos il.,mapas, tablas, gráficas,
Dimensiones 13 cm
500 ## - NOTA GENERAL
Nota general Contrato No. 07-07-487-0535PS
942 ## - ELEMENTOS ADICIONALES (KOHA)
Sistema de clasificación Local
Tipo de ítem CD-ROM
Existencias
Withdrawn status Lost status Sistema de Clasificación Damaged status No para préstamo Colección Ubicación Permanente Ubicación actual Fecha de adquisición Total Checkouts Número topográfico Inventario / Código de Barras Date last seen Ejemplar Price effective from Forma de adquisición Tipo de material
    Local     Audiovisual Bogotá Bogotá 25/03/2014   LB-05890 035037 25/03/2014 Ej. 1 25/03/2014   CD-ROM